LEADER 01022nam a2200229 u 4500 001 000000008339 003 CaOOAMICUS 005 20070226105101.0 008 940615s1803 it f u000 u ita u 035 $a10215242 040 $aPUL(R)$bita 130 0 $aBiblia.$pV.T.$pIosue.$lItaliano.$0(OLS)http://pul/title/12223 245 13$aIl libro di Giosué /$cesposto in sagre lezioni dal dot. Gioanni Marchetti .. 260 $aRoma :$bV. Poggioli,$c1803. 300 $a2 v., 1 tav. pieg. ;$c26 cm 700 1 $aMarchetti, Giovanni.$0(OLS)http://pul/name/1525 850 $aPUL 852 $aPUL$W1$xDP1 Antico 800$y27$m531 G 3-4$j11784$n $b $qStampati Antico$B11784$CPULBib$Z2$F11784 $H $81 852 $aPUL$W1$xDP1 Antico 800$y27$m531 G 3-4$j11784$n $b $qStampati Antico$B11785$CPULBib$Z2$F11785 $H $81 941 1 $a15 996 $6245$aIl libro di Giosué$9(OLS)http://pul/title/12224 996 $6260$aRoma :$bV. Poggioli$9(OLS)http://pul/publisher/48702 LEADER 01986naa a2200433 a 4500 001 000000079581 003 CaOOAMICUS 005 20100322165451.0 008 040608r19921982it u000 u ita r 020 $a8816300833 (v.1) 020 $a8816301007 (v.2) 035 $a10998229 040 $aPUL$bita$delep 041 1 $aita$hger 100 1 $aBalthasar, Hans Urs von,$ccardinale,$d1905-1988.$0(OLS)http://pul/name/1429 245 13$aLe persone del dramma :$bvolume due[-tre] di Teodrammatica /$c[Hans Urs von Balthasar] ; traduzione di Guido Sommavilla. 260 $aMilano :$bJaca Book,$c1992. 300 $a2 v. ;$c24 cm 490 1 $aHans Urs von Balthasar. Opere. Sezione seconda, TeoDrammatica ;$v2, 3 490 1 $aGią e non ancora ;$v83, 100 500 $aTit. orig. dell'opera: Theodramatik. 500 $aIl tit. del v. 2. dal dorso. 500 $aRist. dell'ed. del 1982-1983. 500 $aTit. orig. delle pt.: 1. Der Mensch in Gott ; 2. Die Personen in Christus. 504 $aBibliografia in nota. 505 0 $av. 1. L'uomo in Dio -- v. 2. L'uomo in Cristo. 650 4$aUomo (teologia).$0(OLS)http://pul/subject/1029 700 1 $aSommavilla, Guido.$0(OLS)http://pul/name/21133 773 0 $aBalthasar, Hans Urs von, cardinale, 1905-1988.$tTeodrammatica.$dMilano : Jaca Book, 1980-1986.$kGią e non ancora$kBalthasar, Hans Urs von, cardinale, 1905-1988 Opera omnia$w()60293 800 1 $aBalthasar, Hans Urs von,$ccardinale,$d1905-1988.$tOpera omnia.$0(OLS)http://pul/nameTitle/1189$0(OLS)http://pul/name/1429$0(OLS)http://pul/title/2415 941 1 $a8 941 1 $a10 960 $aUmanesimo cristiano$91029 960 $aUmanesimo cristiano$91029 960 $aAntropologia teologica$91029 960 $aAntropologia teologica$91029 996 $6020$a8816300833 (v.1)$9(OLS)http://pul/number/104719 996 $6020$a8816301007 (v.2)$9(OLS)http://pul/number/104720 996 $6260$aMilano :$bJaca Book$9(OLS)http://pul/publisher/47900